[Event "Novokuznetsk op"]
[Site "Novokuznetsk"]
[Date "2011.08.12"]
[Round "2"]
[White "Barsukov, Vladislav"]
[Black "Korablin, Jurij"]
[Result "0-1"]
[WhiteElo "1942"]
[BlackElo "2142"]
[PlyCount "116"]
[EventDate "2011.08.11"]
[EventType "swiss"]
[EventRounds "9"]
[EventCountry "RUS"]
[SourceTitle "CBM 144 Extra"]
[Source "ChessBase"]
[SourceDate "2011.10.28"]
[SourceVersion "1"]
[SourceVersionDate "2011.10.28"]
[SourceQuality "1"]

1. e4 e5 2. Nf3 Nc6 3. d4 exd4 4. Bc4 d6 5. Nxd4 Nf6 6. Nc3 Be7 7. h3 0-0 8. 0-0 Ne5 9. Be2 Ng6 10. Be3 c6 11. Bf3 Qc7 12. Re1 Re8 13. a3 Bf8 14. Bg5 Nd7 15. b4 Nb6 16. b5 c5 17. Nde2 h6 18. Bf4 Be6 19. Bh5 Ne5 20. Nd5 Bxd5 21. exd5 g6 22. Bf3 Nxf3+ 23. gxf3 Bg7 24. Rb1 Qd7 25. Kg2 Nc4 26. Qd3 Ne5 27. Qd2 Kh7 28. Ng3 Re7 29. Ne4 f5 30. Bxe5 Bxe5 31. Ng3 Rae8 32. f4 Bf6 33. c4 h5 34. f3 Bd4 35. Nf1 Kg7 36. h4 Qd8 37. Kg3 Bf6 38. Rxe7+ Qxe7 39. Qh2 Qd8 40. Rb3 Re1 41. Ne3 Qe7 42. Ng2 Re2 43. Qh1 Bd4 44. Qf1 Bb2 45. Qd1 Bd4 46. Qf1 Kf7 47. Rd3 Ke8 48. Rb3 Kd7 49. Rd3 Rc2 50. Rb3 Qe2 51. Qxe2 Rxe2 52. Rb1 Rc2 53. Ne1 Rxc4 54. b6 axb6 55. Rxb6 Kc7 56. Rb3 Rc1 57. Nd3 Rg1+ 58. Kh3 Rd1 0-1